| 000 | 00386nam a22001217a 4500 | ||
|---|---|---|---|
| 082 | _a220 PRO | ||
| 100 |
_aMOHSIN,SHARJEEL _972236 |
||
| 245 | _aPR-SOF-1154-EXPERIMENTAL AND MICROMECHANICS BASEDDETERMINATION OF MECHANICAL PROPERTIES OF COMPOSITES | ||
| 260 |
_aISLAMABAD _bNUST COLLEGE OF EME _c2012 |
||
| 650 |
_aDE-MECH-30 _972237 |
||
| 700 |
_aDR MUHAMMAD SHAHID _916160 |
||
| 942 | _cCR | ||
| 999 |
_c578360 _d578360 |
||